Statistics for Biggest Cities in Andorra

Click here to take the quiz!

General Stats

  • This quiz has been taken 4 times
  • The average score is 10 of 20

Answer Stats

PopulationCity% Correct
20,648Andorra la Vella
100%
8,181Encamp
100%
1,781Canillo
67%
14,395Escaldes-Endorgany
67%
4,618La Massana
67%
2,915Pas de la Casa
67%
7,855Sant Julià de Lòria
67%
665Aixirivall
33%
618Anyós
33%
1,555Arinsal
33%
1,052El Tarter
33%
538Incles
33%
522La Cortinada
33%
663L'Aldosa
33%
1,167Les Bons
33%
2,119Ordino
33%
2,939Santa Coloma
33%
964Sispony
33%
698Soldeu
33%
962Vila
33%

Score Distribution

Percentile by Number Answered

Percent of People with Each Score

Your Score History

You have not taken this quiz